000 00312nam a2200097Ia 4500
008 241105s9999 xx 000 0 und d
041 _aeng
100 _aChavan Nishigandha
_9184210
245 _aRestruring Humanized Landscape With Eco Responsive Plannng Approach
260 _bBNCA-M arch Digital Architecture
_c2021
999 _c362053
_d362053